|
|
|
|
| LEADER |
01144nam a22002777a 4500 |
| 001 |
33269 |
| 003 |
BD-DhAAL |
| 005 |
20250625115709.0 |
| 008 |
180708t2002 ii a|||| b||| 00| 0deng d |
| 020 |
|
|
|a 9788171676811
|
| 020 |
|
|
|a 8171676812
|
| 040 |
|
|
|a BD-DhAAL
|d BD-DhAAL
|
| 082 |
|
|
|a 509.2
|2 21
|
| 100 |
|
|
|a Salwi, Dilip M.
|9 26667
|
| 245 |
|
|
|a Jagadishchandra Bose :
|b the first modern scientist /
|c Dilip M Salwi.
|
| 260 |
|
|
|a New Delhi :
|b Rupa,
|c c2002.
|
| 300 |
|
|
|a 59 pages :
|b illustrations portrait ;
|c 16 cm.
|
| 490 |
|
|
|a Rupa Charitavali series
|
| 526 |
|
|
|a ARC
|
| 541 |
|
|
|a Department of Architecture
|e 33269
|
| 600 |
|
|
|a Bose, Jagadis Chandra,
|d 1858-1937.
|9 26769
|
| 650 |
|
|
|a Scientists
|v Biography
|z India.
|9 26770
|
| 852 |
|
|
|a Department of Architecture
|c General Stacks
|
| 942 |
|
|
|2 ddc
|c BK
|
| 999 |
|
|
|c 39617
|d 39617
|
| 952 |
|
|
|0 0
|1 1
|2 ddc
|4 0
|6 509_200000000000000_DIL
|7 0
|9 63635
|a ARC
|b ARC
|c GEN
|d 2018-07-08
|e Department of Architecture
|l 0
|o 509.2 DIL
|p 3010033269
|r 2018-07-08
|t 1
|w 2018-07-08
|y BK
|x lost from the ARC department library and approved by the Dean (reasons personal books withdrawn by Hasibul Kabir Sir and Building shifting)
|